Score 0/25 Timer 06:00
4 Plays Today
% Correct
minuscule
93.5%
mozzarella
93.3%
memorabilia
92.3%
meticulous
92.1%
maritime
92%
maize
91.7%
martyr
91.6%
macaw
91.5%
manifesto
91.5%
metamorphose
91.3%
malleable
91.2%
mercenary
91.1%
melancholy
90.1%
% Correct
maim
89.7%
manatee
89.3%
marquee
89%
meander
88.3%
mackerel
88.2%
macaroon
87.5%
marzipan
87.2%
multitudinous
87.1%
mundane
86.7%
melee
86.6%
misanthropic
85.3%
motley
71.9%
Remove Ads.
Support Sporcle.
Get the best of Sporcle when you Go Orange. This ad-free experience offers more features, more stats, and more fun while also helping to support Sporcle. Thank you for becoming a member.

You're not logged in!

Compare scores with friends on all Sporcle quizzes.
OR
Log In

Show Comments

Extras

Top Quizzes Today


Score Distribution

Your Account Isn't Verified!

In order to create a playlist on Sporcle, you need to verify the email address you used during registration. Go to your Sporcle Settings to finish the process.

Report this User

Report this user for behavior that violates our Community Guidelines.

Details: